Cookies by Picture - Statistics

General Stats
  • This quiz has been taken 577 times
  • The average score is 9 of 14
Answer Stats
Picture Hint Answer % Correct
Oreo
97%
Fudge Cookie
94%
Gingerbread
90%
Fortune Cookie
87%
Chocolate Chip
86%
Animal Cracker
82%
Macaron
70%
Sugar Cookie
68%
Macaroon
58%
Using British meaning Biscuit
53%
Cookie Cake
53%
Black and White Cookie
43%
Stroopwafel
31%
Butter Cookie
24%
No matching quizzes found
Score Distribution
Percent of People with Each Score
Percentile by Number Answered
Your Score History
You have not taken this quiz